| 000 | 00382nam a2200145Ia 4500 | ||
|---|---|---|---|
| 008 | 210210b1971 xxu||||| |||| 00| 0 eng d | ||
| 082 | _a823.009 MULS | ||
| 100 | _aMULLIK (B R). | ||
| 245 | _aStudies in novelists-Virginia Woolf. V x. | ||
| 260 |
_aND _bChand & Co., _c1971 |
||
| 300 | _aiv,78 | ||
| 650 | _aNovelist Virginia Woolf | ||
| 690 | _aEnglish Criticism | ||
| 906 | _a031572 | ||
| 999 |
_c82599 _d82599 |
||